Quizzes
Events
Quiz Creation
Community
Videos
Private Events
Remove Ads
Sign In
Join for FREE
Feedback
Dark Mode
Quiz Categories
Sports
Geography
Music
Movies
Television
Just For Fun
Miscellaneous
History
Literature
Language
Science
Gaming
Entertainment
Religion
Holiday
For Kids
Quiz Lab
Recent
Popular Today
Quiz Kudos Today
Editor Picks
Curator Picks
Quizzes by...
Day
Popularity
Type
Ratings
Length
Year
Community
Subscriptions
Recent Discussions
Orange Saloon
Badges
Playlists
Quests
Create
Leaderboards
Showdown
Live 5
Trivia Bingo
Activity
Puzzle Library
Sporcle Events
Private Events
Virtual Trivia
Globe League
Become a Host
Pub Owners
SporcleCon
Opinionation
Our Games
Videos
Blog
Mobile Apps
Partnerships
Remove Ads and Go Orange
Feedback
Television
TV Characters
TV Show
Sitcom
Network
Friends
Reality Shows
Cast
South Park
Star Trek
The Simpsons
Doctor Who
Television
TV Characters
TV Show
Sitcom
Network
Friends
Reality Shows
Cast
South Park
Star Trek
The Simpsons
Doctor Who
Random Quiz
Search Sporcle
×
Quiz Lab
Quiz Lab
Television
season
Type in answers that appear in a list
Type in answers that appear in a list
Classic
Best Score? Go Orange.
Gilmore Girls Trivia Season 2 Part 1 Stats
Can you name the Gilmore Girls Trivia Season 2 Part 1?
By
cik419
10m
26 Questions
1,167 Plays
1,167 Plays
1,167 Plays
Comments
Comments
Give Quiz Kudos
Give Quiz Kudos
-
- Ratings
hide this ad
Forced Order
Answers have to be entered in order
Answers have to be entered in order
Replay
Link that replays current quiz
Next Quiz
Link to next quiz in quiz playlist
You Got
0%
They Got
Avg Score
55%
Avg Friend Score
Upgrade to see
Score Distribution
Jump to the score distribution portion of the page
Score
0/26
Timer
10:00
0
Plays Today
Question
Answer
% Correct
Where is Lane's parents sending her with a one way ticket?
Korea
97.1%
What tool did Lorelai decorate in pink for Rory?
hammer
88.9%
Who does Lorelai call from her bachelorette party?
Christopher
87.3%
From whom does Emily find out that Lorelai is engaged to Max?
Sookie
86%
Who was voted the most popular teacher at Chilton?
Max
83.8%
Who is the editor of the Franklin during Rory's Junior year?
Paris
81.5%
What character does Paris end up playing in Romeo and Juliet?
Romeo
78.9%
Who rides in Rory's carriage at the Bracebridge Dinner?
Jess
77.4%
Who does Lorelai hire as the wedding photographer?
Kirk
76.1%
What is the name of the secret society that invites Rory to join?
puffs
73.2%
What appliance did Jess fix without Luke knowing?
toaster
66%
What wedding gift arrives for Lorelai and Max?
ice cream maker
66%
Who is owner of the Independence Inn?
Mia
64.7%
Question
Answer
% Correct
Who invited Emily to the bachelorette party?
Michel
62.8%
What club does Lorelai join at Chilton?
Boosters
47.8%
What does Luke buy for Jess to sleep on?
air mattress
47.7%
What crawls up Kirk's nose when he is looking at Lorelai and Rory's porch?
termite
46.8%
What did Luke make Lorelai and Max for their wedding ceremony?
chuppah
39.9%
As he watches Lorelai and Max's engagement party, Luke sits on the bench with who?
little girls
37.4%
What is the name of the dance that Rory dances at the Debutante Ball?
fan dance
29%
What does Lorelai put under Rory's pillow at the Bracebridge Dinner?
ugly baby picture
26%
What is the name of the cat at the Bed and Breakfast that Lorelai and Rory go to?
Sammy
23.9%
When Max is talking to Rory about Lorelai's engagement ring, what wild animal does Rory say that Lorelai is?
jackal
20.5%
Which of Babette's gnomes did Jess take?
Pierpont
19.9%
What does Emily find out about Richard at the Bracebridge Dinner?
he's retired
15.8%
Tristan leaves Chilton to go to what kind of school?
military academy
9.3%
Quiz Playlist
Details
Report
Send in Message
Add To Playlist
Classic:
Type in answers that appear in a list
Forced Order:
Answers have to be entered in order
Last Updated: Feb 16, 2017
Quiz Scoreboard
CHALLENGE
Sign Up to Join the Scoreboard
Show All
Scores
Hide
Comments
May contain spoilers
Recently Published
NBA Finals Game Top Scorers (2010s)
by flibbidy
Sports
5m
Guess the 'R' Things in 3 Words
by MSUKent
Miscellaneous
3m
Actor to Badly Drawn Movie III
by MoMosMoProblems
Movies
5m
More to Explore
Quiz From the Vault
Featured Blog Post
Where Does Lost Luggage Go?
hide this ad
You Might Also Like...
Tags
gilmore
Gilmore Girls
girl
season
Today's Top Quizzes in Television
Browse Television
hide this ad
Today's Top Quizzes in season
Browse season
Top Contributed Quizzes in Television
1
Hidden Simpsons Character
2
First Name TV: Leading Men
3
Hidden Simpsons Character II
4
Hidden Simpsons Character III
5
First Name TV: Leading Women Drama
6
Hidden Simpsons Character IV
7
Hidden Simpsons Character V
8
Hidden Simpsons Character VI
9
Hidden Simpsons Character VII
10
Pick A Pair: Religious TV
Explore More
Trending Topics
Harry Potter
Disney
Crossword
Kpop
Marvel
Anime
NBA
Pokémon
Soccer
Song
The Office
Country
WWE
NFL
Puzzle
hide this ad
More By:
cik419
Quiz
Plays
Rating
Category
Featured
Created
Starkid Name the Song from Opening Line
8,706
4.13
Music
Jun 14, 2011
Gilmore Girls Trivia Season One
1,301
2.00
Television
Jul 24, 2011
Gilmore Girls Trivia Season 2 Part 1
1,167
2.00
Television
Aug 1, 2011
Gilmore Girls Trivia Season 1 Part 2
1,119
1.50
Television
Jul 27, 2011
Gilmore Girls Quotes Season 4 Part 1
558
3.75
Television
Jul 22, 2011
Go to Creator's Profile
Score Distribution
Quiz Creator Spotlight
cik419
Follow
Send a Message
Quizzes Created
-
Created Quiz Play Count
-
More By This Creator
Popular Quizzes Today
1
Find the US States - No Outlines Minefield
2
Find the US States
3
The Countries of the World
4
10 Largest US States in Order
5
Find the Countries of Europe - No Outlines Minefield
6
US States
7
Guess the 'R' Things in 3 Words
8
NBA Finals Game Top Scorers (2010s)
More Television Quizzes
2013 TV Shows by Cast Photo (Original)
Quiz Lab
Trending Quizzes
First Name TV: Leading Men
Match the Book to the Film II
First Name TV: Leading Women Drama
Match the Book to the Film VI
3-Word Movies in 1 Word II
Recently Updated
Women's Final Four Teams by Year
bhenderson79
Presidents Quartet II
eogle
Anything But Clue(do)
eogle
Anything But Oceanian Capitals
eogle
Anything But 7
eogle
Anything But Thing
eogle
Word Ladder: February 29
pecheneg
Song Title Questions
pecheneg
Women's NCAA Tournament #1 Seeds
pecheneg
Celebrity Mug Shots
pecheneg
Trending Topics
Harry Potter
Kpop
Disney
Anime
NBA
Crossword
Marvel
WWE
Puzzle
Pokémon
Soccer
Country
NFL
The Office
Song
Your Account Isn't Verified!
In order to create a playlist on Sporcle, you need to verify the email address you used during registration. Go to your
Sporcle Settings
to finish the process.
Report this User
Report this user for behavior that violates our
Community Guidelines
.
Details:
Send Report
Go to the Sporcle.com Mobile Site →
Comments